| 000 | 01805nam a22002657a 4500 | ||
|---|---|---|---|
| 003 | OSt | ||
| 005 | 20260624164243.0 | ||
| 008 | 260624t2024 xxu||||| |||| 00| 0 spa d | ||
| 040 |
_aUnicoc _bspa _c00001 _d00001 |
||
| 082 | _a371.33 | ||
| 100 |
_913134 _aRey Valzacchi, Jorge |
||
| 245 |
_aAprendizaje ilimitado: Potenciando la Educación con ChatGPT y DALL-E _b: Una exploración pragmática de la IA en la educación _c/ Jorge Rey Valzacchi |
||
| 250 | _a1 Ed. | ||
| 260 |
_aArgentina : _bInstituto Latinoamericano de Desarrollo Profesional Docente , _c2024. |
||
| 300 |
_a67 páginas _bIlustraciones, diagramas, tablas, gráficas |
||
| 440 |
_913135 _aAprende Virtual |
||
| 505 |
_t1. Introducción a Chat GPT en la Educación. --
_t2. Comprensión de los prompts. -- _t3. Diseñando prompts efectivos para Chat GPT. -- _t4. Aplicaciones educativas de Chat GPT. -- _t5. Integración de Chat GPT en el aula. -- _t6. Desafíos y consideraciones éticas en el uso de Chat GPT en educación. -- _t7. Evaluación y retroalimentación con Chat GPT. -- _t8. Recomendaciones para educadores: implementación exitosa de Chat GPT en la enseñanza. -- _t9. Creación de imágenes a partir de textos. -- _t10. Guía Práctica para generar imágenes con prompts efectivos en la educación. -- _t11. Casos de estudio exitosos al usar DALL-E en la educación. -- |
||
| 526 | _5Unicoc | ||
| 546 | _aEspañol | ||
| 650 | 0 |
_9461 _aEducación _vInnovaciones tecnológicas |
|
| 650 | 0 |
_913136 _aTecnología educativa |
|
| 650 | 0 |
_910540 _aInteligencia artificial _vChatGPT y DALL-E |
|
| 856 |
_yAcceso online exclusivo para comunidad Unicoc. _uhttps://unicoceduco-my.sharepoint.com/:b:/g/personal/direccionbiblioteca_unicoc_edu_co/IQCbfp9u9fglQKP-It-JQ1PjAQBmRbX_YoYsBF4W04gmNR8 |
||
| 942 |
_2ddc _cEBOOK |
||
| 999 |
_c10903 _d10903 |
||